<?xml version="1.0" encoding="UTF-8"?><?xml-stylesheet type="text/xsl" href="static/style.xsl"?><OAI-PMH xmlns="http://www.openarchives.org/OAI/2.0/" xmlns:xsi="http://www.w3.org/2001/XMLSchema-instance" xsi:schemaLocation="http://www.openarchives.org/OAI/2.0/ http://www.openarchives.org/OAI/2.0/OAI-PMH.xsd"><responseDate>2026-04-17T22:16:58Z</responseDate><request verb="GetRecord" identifier="oai:www.recercat.cat:2445/218492" metadataPrefix="marc">https://recercat.cat/oai/request</request><GetRecord><record><header><identifier>oai:recercat.cat:2445/218492</identifier><datestamp>2025-12-05T09:46:07Z</datestamp><setSpec>com_2072_1057</setSpec><setSpec>col_2072_478778</setSpec><setSpec>col_2072_478917</setSpec></header><metadata><record xmlns="http://www.loc.gov/MARC21/slim" xmlns:dcterms="http://purl.org/dc/terms/" xmlns:xsi="http://www.w3.org/2001/XMLSchema-instance" xmlns:doc="http://www.lyncode.com/xoai" xsi:schemaLocation="http://www.loc.gov/MARC21/slim http://www.loc.gov/standards/marcxml/schema/MARC21slim.xsd">
   <leader>00925njm 22002777a 4500</leader>
   <datafield ind2=" " ind1=" " tag="042">
      <subfield code="a">dc</subfield>
   </datafield>
   <datafield ind2=" " ind1=" " tag="720">
      <subfield code="a">Roca‑Pérez, Luis</subfield>
      <subfield code="e">author</subfield>
   </datafield>
   <datafield ind2=" " ind1=" " tag="720">
      <subfield code="a">Boluda, Rafael</subfield>
      <subfield code="e">author</subfield>
   </datafield>
   <datafield ind2=" " ind1=" " tag="720">
      <subfield code="a">Rodríguez‑Martín, José Antonio</subfield>
      <subfield code="e">author</subfield>
   </datafield>
   <datafield ind2=" " ind1=" " tag="720">
      <subfield code="a">Ramos‑Miras, José</subfield>
      <subfield code="e">author</subfield>
   </datafield>
   <datafield ind2=" " ind1=" " tag="720">
      <subfield code="a">Tume, Pedro</subfield>
      <subfield code="e">author</subfield>
   </datafield>
   <datafield ind2=" " ind1=" " tag="720">
      <subfield code="a">Roca Pascual, Núria</subfield>
      <subfield code="e">author</subfield>
   </datafield>
   <datafield ind2=" " ind1=" " tag="720">
      <subfield code="a">Bech i Borràs, Jaume</subfield>
      <subfield code="e">author</subfield>
   </datafield>
   <datafield ind2=" " ind1=" " tag="260">
      <subfield code="c">2025-02-04T13:52:08Z</subfield>
   </datafield>
   <datafield ind2=" " ind1=" " tag="260">
      <subfield code="c">2025-02-04T13:52:08Z</subfield>
   </datafield>
   <datafield ind2=" " ind1=" " tag="260">
      <subfield code="c">2023-12</subfield>
   </datafield>
   <datafield ind2=" " ind1=" " tag="260">
      <subfield code="c">2025-02-04T13:52:09Z</subfield>
   </datafield>
   <datafield ind2=" " ind1=" " tag="520">
      <subfield code="a">Mining activity is one of the main sources to pollute soil, water and plants. An analysis of soil and plant samples around the Atrevida mining area in Catalonia (NE Spain) was preformed to determine potentially harmful elements (PHEs). Soil and plant samples were taken at eight locations around the mining area. The topsoil (0–15 cm) samples were analysed for physico-chemical properties by standard methods, by ICP-MS for Cd, Co, Cr, Cu, Fe, Ni, Pb and Zn, and were microwave-digested. Plant, root and shoot samples were digested separately, and heavy metals were analysed by AAS. Translocation factor (TF), biological concentration factor (BCF) and biological accumulation factor (BAF) were determined to assess the tolerance strategies developed by native species and to evaluate their potential for phytoremediation purposes. Soil pH was generally acid (5.48–6.72), with high soil organic matter (SOM) content and a sandy loamy or loamy texture. According to the agricultural soil values in southern Europe, our PHEs concentrations exceeded the toxicity thresholds. The highest root content of the most studied PHEs appeared in Thymus vulgaris L. and Festuca ovina L., while Biscutella laevigata L. accumulated more PHEs in shoots. The TF values were > 1 in B. laevigata L., but BAF obtained &lt; 1, except Pb. B. laevigata L., and can be considered potentially useful for phytoremediation for having the capacity to restrict the accumulation of large PHEs amounts in roots and Pb translocation to shoots.</subfield>
   </datafield>
   <datafield tag="653" ind2=" " ind1=" ">
      <subfield code="a">Efecte dels metalls pesants sobre les plantes</subfield>
   </datafield>
   <datafield tag="653" ind2=" " ind1=" ">
      <subfield code="a">Acidesa dels sòls</subfield>
   </datafield>
   <datafield tag="653" ind2=" " ind1=" ">
      <subfield code="a">Tarragona (Catalunya)</subfield>
   </datafield>
   <datafield tag="653" ind2=" " ind1=" ">
      <subfield code="a">Effect of heavy metals on plants</subfield>
   </datafield>
   <datafield tag="653" ind2=" " ind1=" ">
      <subfield code="a">Soil acidity</subfield>
   </datafield>
   <datafield tag="653" ind2=" " ind1=" ">
      <subfield code="a">Tarragona (Catalonia)</subfield>
   </datafield>
   <datafield ind2="0" ind1="0" tag="245">
      <subfield code="a">Potentially harmful elements pollute soil and vegetation around the Atrevida mine (Tarragona, NE Spain)</subfield>
   </datafield>
</record></metadata></record></GetRecord></OAI-PMH>